Methods in Behavioral Research (Record no. 5072)

MARC details
005 - DATE AND TIME OF LATEST TRANSACTION
control field 20250625132021.0
020 ## - INTERNATIONAL STANDARD BOOK NUMBER
International Standard Book Number 0-07-252342-5
082 ## - DEWEY DECIMAL CLASSIFICATION NUMBER
Classification number 150.72 COZ
100 ## - MAIN ENTRY--PERSONAL NAME
Author name COZBY, C . P
245 ## - TITLE STATEMENT
Title Methods in Behavioral Research
250 ## - EDITION STATEMENT
Edition statement 8th Ed.
260 ## - PUBLICATION, DISTRIBUTION, ETC.
Place of publication, distribution, etc. Boston
Name of publisher, distributor, etc. McGraw- Hill Irwin
Date of publication, distribution, etc. 2001.
300 ## - PHYSICAL DESCRIPTION
Extent xi,396p.: ill.; figures
Other physical details Appendix, Index, References
Dimensions 23cm
942 ## - ADDED ENTRY ELEMENTS (KOHA)
Source of classification or shelving scheme Dewey Decimal Classification
Koha item type Books
Holdings
Date last seen Total checkouts Full call number Barcode Price effective from Koha item type Lost status Source of classification or shelving scheme Damaged status Not for loan Withdrawn status Home library Current library Shelving location Date acquired Source of acquisition
06/25/2025   150.72 COZ MZA0002138 06/25/2025 Books   Dewey Decimal Classification       CBE Mwanza CBE Mwanza General Collection 07/31/2017 Library Budget
06/25/2025   150.72 COZ MZA0002139 06/25/2025 Books   Dewey Decimal Classification       CBE Mwanza CBE Mwanza General Collection 07/31/2017 Library Budget